00574nam a2200193Ia 4500003000900000008004100009040001600050080001500066100002100081245011600102250001700218260003200235300001600267650002100283650001400304650002200318650001900340700002100359IN-BaIIA211028s9999 xx 000 0 eng d cIIA Library a681.3bKOR aKorn, Granino A. 0aElectronic analog and hybrid computerscGranino A. Korn and T.M. Korn  a2nd rev. ed. aNew YorkbMcGraw-Hillc1972 axxii, 584p. aAnalog computers aComputers aDigital computers aNASA Thesaurus aKorn, Theresa M.